|
|
|
|
| LEADER |
01584cas a2200241 a 4500 |
| 001 |
AALejournalIMF009313 |
| 008 |
230101c9999 xx r poo 0 0eng d |
| 020 |
|
|
|c 5.00 USD
|
| 020 |
|
|
|z 9781451830071
|
| 022 |
|
|
|a 1934-7685
|
| 040 |
|
|
|a BD-DhAAL
|c BD-DhAAL
|
| 110 |
2 |
|
|a International Monetary Fund.
|
| 245 |
1 |
0 |
|a Nepal :
|b Poverty Reduction Strategy Paper Progress Report.
|
| 264 |
|
1 |
|a Washington, D.C. :
|b International Monetary Fund,
|c 2007.
|
| 300 |
|
|
|a 1 online resource (118 pages)
|
| 490 |
1 |
|
|a IMF Staff Country Reports
|
| 500 |
|
|
|a <strong>Off-Campus Access:</strong> No User ID or Password Required
|
| 500 |
|
|
|a <strong>On-Campus Access:</strong> No User ID or Password Required
|
| 506 |
|
|
|a Electronic access restricted to authorized BRAC University faculty, staff and students
|
| 520 |
3 |
|
|a This paper examines Nepal's Poverty Reduction Strategy Paper Progress Report. Recurrent expenditures remained high owing to the high military and security expenditures. The expansion of rural credits through rural credit institutions, both in the government and nongovernment sectors, the technical support and social mobilization campaign by different nongovernmental agencies, and poverty reduction programs in the government have helped improve employment opportunities in agriculture, resulting in a better life of the common people.
|
| 538 |
|
|
|a Mode of access: Internet
|
| 830 |
|
0 |
|a IMF Staff Country Reports; Country Report ;
|v No. 2007/176
|
| 856 |
4 |
0 |
|z Full text available on IMF
|u http://elibrary.imf.org/view/journals/002/2007/176/002.2007.issue-176-en.xml
|z IMF e-Library
|